[Event "2nd SCS Open"]
[Site "Bhubaneswar IND"]
[Date "2010.05.25"]
[Round "6"]
[White "Fier,A"]
[Black "Czebe,A"]
[Result "0-1"]
[WhiteElo "2581"]
[BlackElo "2480"]
[EventDate "2010.05.22"]

1. d4 d6 2. c4 g6 3. Nc3 Bg7 4. Nf3 Bg4 5. Be3 Nh6 6. Nh4 e5 7. g3 Nc6 8.
d5 Ne7 9. Bg2 f5 10. h3 Bh5 11. f4 Nf7 12. Nf3 h6 13. Qd2 Qd7 14. O-O-O a6
15. a3 O-O-O 16. Kb1 Kb8 17. Rc1 Nc8 18. Rhd1 g5 19. fxg5 Bxf3 20. exf3
hxg5 21. g4 e4 22. gxf5 exf3 23. Bxf3 Ne5 24. Be2 Qxf5+ 25. Ka2 Rxh3 26.
Bxg5 Re8 27. Rg1 Nf3 28. Bxf3 Rxf3 29. Nd1 Bf6 30. Bxf6 Qxf6 31. Re1 Rxe1
32. Qxe1 Qd4 33. Rc2 Nb6 34. b3 Nd7 35. Rd2 Qf4 36. Rf2 Nc5 37. Qe2 Rxf2
38. Qxf2 Qe4 39. Qd2 Qh1 40. Nc3 Qa1+ 41. Kxa1 0-1

[Event "2nd SCS Open"]
[Site "Bhubaneswar IND"]
[Date "2010.05.25"]
[Round "6"]
[White "Kasparov,S"]
[Black "Bocharov,D"]
[Result "0-1"]
[WhiteElo "2504"]
[BlackElo "2592"]
[EventDate "2010.05.22"]

1. e4 d6 2. d4 Nf6 3. f3 g6 4. c4 Bg7 5. Nc3 O-O 6. Be3 Nc6 7. Nge2 a6 8.
h4 h5 9. Qd2 Re8 10. Nc1 e5 11. d5 Nd4 12. Nb3 c5 13. dxc6 bxc6 14. Nxd4
exd4 15. Bxd4 d5 16. cxd5 cxd5 17. e5 Nd7 18. f4 f6 19. e6 Nf8 20. f5 gxf5
21. Be2 Nxe6 22. O-O Nxd4 23. Qxd4 Bh6 24. Kh1 Re5 25. Bxh5 Be3 26. Qd3 Ra7
27. Bf3 Rh7 28. g3 d4 29. Ne2 f4 30. Nxf4 Bxf4 31. gxf4 Re3 32. Qg6+ Rg7
33. Qh5 Rxf3 0-1

[Event "2nd SCS Open"]
[Site "Bhubaneswar IND"]
[Date "2010.05.25"]
[Round "6"]
[White "Maletin,P"]
[Black "Prathamesh,S"]
[Result "1-0"]
[WhiteElo "2584"]
[BlackElo "2411"]
[EventDate "2010.05.22"]

1. Nf3 c5 2. c4 Nc6 3. Nc3 g6 4. e3 Nf6 5. d4 cxd4 6. exd4 d5 7. cxd5 Nxd5
8. Qb3 Nxc3 9. Bc4 e6 10. bxc3 Bg7 11. Ba3 Bf8 12. O-O Bxa3 13. Qxa3 Qe7
14. Qc1 O-O 15. Re1 Qf6 16. Qh6 b6 17. Re3 Qg7 18. Qh4 h6 19. Rae1 Bb7 20.
d5 exd5 21. Bxd5 Na5 22. c4 Bxd5 23. cxd5 Rad8 24. Ne5 g5 25. Qe4 Rd6 26.
Nc6 Nxc6 27. dxc6 Re6 28. Qc4 Rxe3 29. fxe3 Qe5 30. e4 Rc8 31. Rc1 Rc7 32.
Qd5 Qf4 33. Rf1 Qe3+ 34. Kh1 Qe2 35. Rg1 Rc8 36. Qd7 Qa6 37. a4 Rf8 38. c7
Qc8 39. Rd1 Kg7 40. Qd8 Qg4 41. h3 1-0

[Event "2nd SCS Open"]
[Site "Bhubaneswar IND"]
[Date "2010.05.25"]
[Round "6"]
[White "Vaibhav,S"]
[Black "Hera,I"]
[Result "1/2-1/2"]
[WhiteElo "2347"]
[BlackElo "2558"]
[EventDate "2010.05.22"]

1. e4 c6 2. d4 d5 3. Nc3 dxe4 4. Nxe4 Bf5 5. Ng3 Bg6 6. h4 h6 7. Nf3 Nd7 8.
h5 Bh7 9. Bd3 Bxd3 10. Qxd3 e6 11. Bf4 Qa5+ 12. Bd2 Qc7 13. O-O-O O-O-O 14.
Ne4 Ngf6 15. g3 Be7 16. Kb1 c5 17. Bf4 Qc6 18. Nxf6 Bxf6 19. d5 exd5 20.
Qxd5 Ne5 21. Qxc6+ Nxc6 22. c3 Rhe8 23. Be3 b6 24. Kc2 Rxd1 25. Kxd1 Ne5
26. Nxe5 Rxe5 27. c4 Kd7 28. Ke2 Re6 29. b3 Bd4 30. Rd1 Ke7 31. Rd3 Kf6 32.
Kf3 Bxe3 33. fxe3 Ke7 34. e4 Rf6+ 35. Ke2 Re6 36. Kf3 Rf6+ 37. Ke2 Re6
1/2-1/2

[Event "2nd SCS Open"]
[Site "Bhubaneswar IND"]
[Date "2010.05.25"]
[Round "6"]
[White "Simonian,H"]
[Black "Rathnakaran,K"]
[Result "1-0"]
[WhiteElo "2521"]
[BlackElo "2397"]
[EventDate "2010.05.22"]

1. e4 e6 2. d4 d5 3. Nc3 Nf6 4. Bg5 Be7 5. e5 Nfd7 6. Bxe7 Qxe7 7. f4 a6 8.
Nf3 c5 9. dxc5 Nxc5 10. Bd3 b5 11. O-O Bb7 12. Ne2 Nbd7 13. Ned4 f5 14.
Bxf5 Rf8 15. Bxh7 Rxf4 16. Bg6+ Kd8 17. Qd2 Rg4 18. Bh5 Re4 19. b4 Rxd4 20.
Nxd4 Ne4 21. Qf4 Kc7 22. Qf7 Qxb4 23. Nxe6+ Kc6 24. Rad1 1-0

[Event "2nd SCS Open"]
[Site "Bhubaneswar IND"]
[Date "2010.05.25"]
[Round "6"]
[White "Hossain,Enam"]
[Black "Lahiri,A"]
[Result "0-1"]
[WhiteElo "2499"]
[BlackElo "2348"]
[EventDate "2010.05.22"]

1. d4 e6 2. Nf3 f5 3. Nc3 Nf6 4. Bg5 d5 5. e3 a6 6. Bd3 Bd6 7. Ne2 O-O 8.
c3 Nbd7 9. h3 Qe8 10. g4 Ne4 11. Bf4 Kh8 12. gxf5 e5 13. dxe5 Nxe5 14. Nxe5
Bxe5 15. Bxe4 dxe4 16. Qb3 Bxf5 17. O-O-O Be6 18. Qxb7 Bxf4 19. Nxf4 Bxa2
20. Qxc7 Rf7 21. Qa5 Bb3 22. Rd2 Rb7 23. Rg1 Rab8 24. Rg5 Bg8 25. h4 Qf7
26. h5 Rb6 27. Rgd5 Qf6 28. Rd7 Rb5 29. Qa3 Qg5 30. h6 Qxh6 31. Qe7 Ra5 32.
Rd8 Qh1+ 33. Rd1 Ra1+ 34. Kc2 Rxd1 0-1

[Event "2nd SCS Open"]
[Site "Bhubaneswar IND"]
[Date "2010.05.25"]
[Round "6"]
[White "Suvrajit,S"]
[Black "Dzhumaev,M"]
[Result "1/2-1/2"]
[WhiteElo "2380"]
[BlackElo "2495"]
[EventDate "2010.05.22"]

1. d4 d6 2. Nf3 f5 3. Nc3 Nf6 4. Bg5 Nbd7 5. Qd3 g6 6. e4 fxe4 7. Nxe4 Bg7
8. O-O-O c6 9. h4 Nxe4 10. Qxe4 Nf6 11. Bxf6 Bxf6 12. h5 g5 13. Qe3 Qa5 14.
Kb1 g4 15. Nd2 Qg5 16. f4 gxf3 17. Qxg5 Bxg5 18. Nxf3 Bf6 19. Bd3 Bg4 20.
c3 Kd7 21. Rdf1 Raf8 22. Kc2 e6 23. Nd2 Be7 24. Rxf8 Rxf8 25. Rf1 Bf5 26.
Bxf5 exf5 27. Kd3 Rg8 28. Rxf5 Rxg2 29. d5 cxd5 30. Rxd5 Ke6 31. c4 Bg5 32.
Ne4 Bf4 33. Rb5 b6 34. a4 Be5 35. b3 Kd7 36. a5 Kc6 37. axb6 axb6 38. Ke3
Rh2 39. Nf2 Rxh5 40. Nd3 Rh3+ 41. Ke4 Bc3 42. Nf4 Rh4 43. Kf3 Bd4 44. Rg5
Bc5 45. Rg7 b5 46. cxb5+ Kxb5 47. Rb7+ Kc6 48. Rf7 d5 49. Rf5 d4 50. Rh5
Rxh5 51. Nxh5 Bd6 52. Ke4 Be5 53. b4 Kb6 54. Ng3 Kb5 55. Nf5 Kc4 56. Nxd4
Bxd4 57. Kf3 Kd5 58. Kg2 Ke4 59. b5 Bb6 60. Kh1 Kf3 1/2-1/2

[Event "2nd SCS Open"]
[Site "Bhubaneswar IND"]
[Date "2010.05.25"]
[Round "6"]
[White "Koshy,V"]
[Black "Deepan,C"]
[Result "1/2-1/2"]
[WhiteElo "2310"]
[BlackElo "2488"]
[EventDate "2010.05.22"]

1. c4 Nf6 2. g3 c6 3. Nf3 g6 4. b3 Bg7 5. Bb2 O-O 6. Bg2 d5 7. O-O Re8 8.
d4 Nbd7 9. Nbd2 b6 10. Qc2 Bb7 11. e4 dxe4 12. Nxe4 c5 13. Nxf6+ Nxf6 14.
Rad1 cxd4 15. Bxd4 Be4 16. Qe2 Qc7 17. Ne5 Bxg2 18. Kxg2 Rad8 19. Ba1 Rd6
20. b4 Red8 21. b5 e6 22. Nc6 Rxd1 23. Rxd1 Rxd1 24. Qxd1 Nd7 25. Bxg7 Kxg7
26. Qf3 Nc5 27. h4 h5 28. g4 hxg4 29. Qxg4 a5 30. h5 Qd6 31. hxg6 fxg6 32.
Qg5 Ne4 33. Qe3 Nc5 34. Qg5 Ne4 35. Qe3 Nc5 1/2-1/2

[Event "2nd SCS Open"]
[Site "Bhubaneswar IND"]
[Date "2010.05.25"]
[Round "6"]
[White "Debashis,D"]
[Black "Vorobiov,E"]
[Result "1/2-1/2"]
[WhiteElo "2400"]
[BlackElo "2612"]
[EventDate "2010.05.22"]

1. e4 c5 2. Nf3 Nc6 3. d4 cxd4 4. Nxd4 Nf6 5. Nc3 d6 6. Bg5 e6 7. Qd2 a6 8.
O-O-O Be7 9. f3 Nxd4 10. Qxd4 b5 11. Kb1 Bb7 12. h4 Rc8 13. Qd2 Qc7 14. Bd3
h6 15. Be3 Nd7 16. Ne2 Ne5 17. Bd4 O-O 18. Ng3 Rfe8 19. Rh3 Kh7 20. Nh5
1/2-1/2

[Event "2nd SCS Open"]
[Site "Bhubaneswar IND"]
[Date "2010.05.25"]
[Round "6"]
[White "Ibrayev,N"]
[Black "Luther,T"]
[Result "0-1"]
[WhiteElo "2390"]
[BlackElo "2541"]
[EventDate "2010.05.22"]

1. d4 d5 2. c4 e6 3. Nc3 Bb4 4. Nf3 Nf6 5. Bg5 Nbd7 6. e3 c5 7. cxd5 exd5
8. Bd3 Qa5 9. Qc2 c4 10. Bf5 O-O 11. O-O Re8 12. Nd2 g6 13. Bh3 Bxc3 14.
bxc3 Ne4 15. Nxe4 dxe4 16. Bxd7 Bxd7 17. d5 Qxd5 18. Bf6 Qe6 19. Bd4 Bc6
20. Rad1 Rad8 21. Bxa7 Ra8 22. Bd4 Ba4 23. Qb2 Bxd1 24. Rxd1 Ra5 25. Qxb7
Rxa2 26. h3 Rea8 27. Qc7 h6 28. Rb1 Ra1 29. Rxa1 Rxa1+ 30. Kh2 Ra8 31. g4
g5 32. Kg2 Kh7 33. Qb7 Re8 34. f3 Kg8 35. Qc7 exf3+ 36. Kxf3 Rc8 37. Qb7
Qc6+ 38. Qxc6 Rxc6 39. Ke4 Rd6 40. Ke5 Rd8 41. Kf6 0-1

[Event "2nd SCS Open"]
[Site "Bhubaneswar IND"]
[Date "2010.05.25"]
[Round "6"]
[White "Khusnutdinov,R"]
[Black "Sangma,R"]
[Result "1-0"]
[WhiteElo "2525"]
[BlackElo "2358"]
[EventDate "2010.05.22"]

1. e4 e5 2. Nf3 Nc6 3. d4 exd4 4. Nxd4 Qh4 5. Nc3 Bb4 6. Be2 Qxe4 7. Ndb5
Bxc3+ 8. bxc3 Kd8 9. O-O a6 10. Nd4 Nxd4 11. cxd4 Nf6 12. Rb1 d5 13. Bg5
Qf5 14. Bh4 Re8 15. Rb3 g5 16. Bg3 Ne4 17. Bd3 Qd7 18. Bxe4 Rxe4 19. Be5
Qe7 20. Qd2 c6 21. f3 Rh4 22. Re1 Be6 23. Rxb7 Qxb7 24. Qxg5+ Kd7 25. Qxh4
Qb4 26. Bg3 c5 27. c3 Qxc3 28. dxc5 Qxc5+ 29. Kh1 Qc2 30. Qf4 Rc8 31. Qd6+
Ke8 32. Qxd5 Qc4 33. Qd2 h5 34. h4 Qc2 35. Qa5 Qc4 36. Kh2 Qb5 37. Qd2 Rc5
38. Qh6 Qd3 39. Rxe6+ fxe6 40. Qxe6+ Kd8 41. Qb6+ 1-0

[Event "2nd SCS Open"]
[Site "Bhubaneswar IND"]
[Date "2010.05.25"]
[Round "6"]
[White "Tirto"]
[Black "Ismagambetov,An"]
[Result "0-1"]
[WhiteElo "2358"]
[BlackElo "2524"]
[EventDate "2010.05.22"]

1. d4 Nf6 2. c4 e6 3. g3 d5 4. Nf3 dxc4 5. Bg2 c6 6. a4 b5 7. axb5 cxb5 8.
Ne5 Nd5 9. Nc3 Bb4 10. Bd2 Bxc3 11. bxc3 Nd7 12. Ng4 Bb7 13. e4 Ne7 14. Qb1
a6 15. Bc1 O-O 16. Ne3 Nb6 17. O-O Re8 18. Ba3 Qd7 19. Bc5 Na4 20. Rxa4
bxa4 21. Nxc4 Rab8 22. Nb6 Qc7 23. Qa1 Bc6 24. Nxa4 Nc8 25. Qa3 Qb7 26. Bb4
a5 27. Bxa5 Ra8 28. Nc5 Qa7 29. Ra1 Nd6 30. Nb3 Bxe4 31. Bf1 Nb7 32. Bb4
Qxa3 33. Rxa3 Rxa3 34. Bxa3 Ra8 35. Bb4 Ra2 36. f4 Rb2 37. Nc1 Nd8 38. Ne2
Nc6 39. Bc5 Rc2 40. Kf2 Bd3 41. Ke3 Bxe2 42. Bxe2 Rxc3+ 43. Kd2 Rb3 44. Kc2
Rb7 45. Bf3 Nb4+ 46. Kb3 Nd5+ 47. Kc4 Ne3+ 48. Kc3 Rb1 49. Be4 Nd5+ 50. Kc4
Rc1+ 0-1

[Event "2nd SCS Open"]
[Site "Bhubaneswar IND"]
[Date "2010.05.25"]
[Round "6"]
[White "Shyam,N"]
[Black "Sriram,J"]
[Result "1/2-1/2"]
[WhiteElo "2385"]
[BlackElo "2507"]
[EventDate "2010.05.22"]

1. e4 e5 2. Nf3 Nc6 3. Bb5 a6 4. Bxc6 dxc6 5. O-O Bd6 6. d4 exd4 7. Qxd4 f6
8. Be3 Be6 9. Nbd2 Ne7 10. Qc3 Qd7 11. Nd4 O-O-O 12. Nxe6 Qxe6 13. Qb3 Qxb3
14. axb3 f5 15. Rfd1 Rd7 16. Nc4 fxe4 17. Rd4 Nf5 18. Rxe4 Nxe3 19. Rxe3
Bc5 20. Re2 Bd4 1/2-1/2

[Event "2nd SCS Open"]
[Site "Bhubaneswar IND"]
[Date "2010.05.25"]
[Round "6"]
[White "Padmini,R"]
[Black "Vokarev,S"]
[Result "1/2-1/2"]
[WhiteElo "2319"]
[BlackElo "2501"]
[EventDate "2010.05.22"]

1. e4 c5 2. Nf3 Nc6 3. d4 cxd4 4. Nxd4 g6 5. Nc3 Bg7 6. Be3 Nf6 7. Bc4 d6
8. h3 O-O 9. O-O Nxe4 10. Nxe4 d5 11. Nxc6 bxc6 12. Bd3 dxe4 13. Bxe4 Qa5
14. c3 Rb8 15. Qc2 Bf5 16. b4 Bxe4 17. Qxe4 Qa3 18. Bd4 Bxd4 19. Qxd4 a5
20. Qc5 axb4 21. cxb4 Qxb4 22. Qxc6 Rfc8 23. Qd7 Rd8 24. Qc7 Rdc8 25. Qd7
Qa3 26. Rfe1 e6 27. Re2 h5 28. h4 Rc4 29. Rxe6 Rc1+ 30. Re1 Rxe1+ 1/2-1/2

[Event "2nd SCS Open"]
[Site "Bhubaneswar IND"]
[Date "2010.05.25"]
[Round "6"]
[White "Lalith,B"]
[Black "Abu Sufian,S"]
[Result "1/2-1/2"]
[WhiteElo "2493"]
[BlackElo "2305"]
[EventDate "2010.05.22"]

1. Nf3 d5 2. d4 Nf6 3. c4 c6 4. Nc3 dxc4 5. a4 Bf5 6. Ne5 Nbd7 7. Nxc4 Qc7
8. g3 e5 9. dxe5 Nxe5 10. Bf4 Nfd7 11. Bg2 f6 12. Ne3 Bg6 13. O-O a5 14.
Ne4 Nc5 15. Nxc5 Bxc5 16. Rc1 Qe7 17. Qb3 Bb4 18. Bxe5 Qxe5 19. Rxc6 Bf7
20. Qc2 O-O 21. Rc7 Rad8 22. Rxb7 Rd2 23. Qc6 Kh8 24. Bf3 Be6 25. Bg4 Bxg4
26. Nxg4 Qxe2 27. Ne3 Qd3 28. Qc7 Rg8 29. Qc1 Rd8 30. h4 h6 31. Qc7 Rg8 32.
Qf4 Rxb2 33. Qg4 Rb1 34. Rxb1 Qxb1+ 35. Kh2 Qa2 36. Qf3 Rd8 37. h5 Bc5 38.
Ng4 Qd5 39. Kg2 Qxf3+ 40. Kxf3 Kg8 41. Rb5 Bb4 42. Ne3 Rd3 43. Ke4 Rd7 44.
Nd5 Be1 45. Ke3 Rd8 46. Ke2 Re8+ 47. Kf1 Bd2 48. Rb2 Bc1 49. Rb5 Bd2 50.
Kg2 Re4 51. Kf3 Rxa4 52. Rb7 Rd4 53. Ne7+ Kf8 54. Ng6+ Ke8 55. Rxg7 Rd5 56.
Ra7 Rxh5 57. Ke2 Rd5 58. Ne7 Rd7 59. Rxd7 Kxd7 60. Nd5 Bb4 61. Nxf6+ Ke6
62. Ne4 a4 63. Kd3 a3 64. Kc2 Ke5 65. f3 Be7 66. Kb3 Kd4 67. g4 Ke3 68. Ng3
Kxf3 69. Nf5 Bf8 70. Nxh6 Bxh6 1/2-1/2

[Event "2nd SCS Open"]
[Site "Bhubaneswar IND"]
[Date "2010.05.25"]
[Round "6"]
[White "Gara,T"]
[Black "Barua,D"]
[Result "1-0"]
[WhiteElo "2357"]
[BlackElo "2488"]
[EventDate "2010.05.22"]

1. e4 e6 2. d4 d5 3. Nd2 Nf6 4. e5 Nfd7 5. Bd3 c5 6. c3 Nc6 7. Ne2 cxd4 8.
cxd4 f6 9. exf6 Qxf6 10. Nf3 h6 11. O-O Bd6 12. Ng3 O-O 13. Bc2 Rd8 14. Re1
Nf8 15. Ne5 Bd7 16. Nxc6 Bxc6 17. Nh5 Qh4 18. g3 Qh3 19. Nf4 Bxf4 20. Bxf4
Bb5 21. a4 Be8 22. Re5 Nd7 23. Qd3 Nf8 24. Qe3 Bg6 25. Bxg6 Nxg6 26. Rxe6
Nxf4 27. gxf4 Qxe3 28. fxe3 Kf7 29. Re5 Rac8 30. Rf1 Rc4 31. a5 a6 32. Rf2
Rd7 33. b3 Rc1+ 34. Kg2 Rb1 35. Rc2 Rxb3 36. Rc5 Rb2+ 37. Kg3 Rb5 38. Rxb5
axb5 39. Kf3 Kf6 40. h4 g6 41. Ke2 h5 42. Kd3 b4 43. Kc2 Rc7+ 44. Kb3 Rc1
45. Rxd5 Rc3+ 46. Kxb4 Rxe3 47. Rb5 Re4 48. Kc5 Rxf4 49. Rxb7 Rxh4 50. Rb2
Rh1 51. Ra2 Ke7 52. a6 Rc1+ 53. Kd5 Rc8 54. a7 Ra8 55. Kc6 1-0

[Event "2nd SCS Open"]
[Site "Bhubaneswar IND"]
[Date "2010.05.25"]
[Round "6"]
[White "Prasanna,Ra"]
[Black "Roy Chowdhury,S"]
[Result "1/2-1/2"]
[WhiteElo "2309"]
[BlackElo "2473"]
[EventDate "2010.05.22"]

1. e4 c5 2. Nf3 Nc6 3. d4 cxd4 4. Nxd4 g6 5. Nc3 Bg7 6. Be3 Nf6 7. Bc4 O-O
8. Bb3 a5 9. O-O Nxd4 10. Bxd4 d6 11. Qe2 Bd7 12. Rad1 Bc6 13. e5 dxe5 14.
Bxe5 Qc8 15. a4 Qf5 16. Nb5 Qe4 17. Qxe4 Nxe4 18. Bxg7 Kxg7 19. Bd5 Bxb5
20. axb5 Nc5 21. Rd4 Rad8 22. Rfd1 Rd6 23. Bf3 Rfd8 24. Rxd6 Rxd6 25. Rxd6
exd6 26. b3 b6 27. Bd5 a4 28. bxa4 Nxa4 29. Kf1 Nc3 30. Bc4 Kf6 31. f4 d5
32. Bd3 Ke6 33. Ke1 Kd6 34. Kd2 d4 35. Bc4 Nd5 36. g3 Kc5 37. Bb3 f6 38.
Kd3 h6 39. Kd2 Nc3 40. Bf7 g5 41. fxg5 fxg5 42. Kd3 Nxb5 43. Bc4 Nd6 44.
Be6 b5 45. h4 gxh4 46. gxh4 Nc4 47. h5 Ne3 48. Bg8 Nd5 49. Bf7 Nb4+ 50. Kd2
Nc6 51. c3 Ne5 52. cxd4+ Kxd4 53. Be8 b4 54. Kc2 Kc4 55. Ba4 Nd3 56. Bb3+
Kd4 57. Bf7 Nc5 58. Kb2 Ke5 59. Bc4 Kf5 60. Be2 Kg5 61. Bd1 Kf4 62. Bc2 Ne6
63. Bg6 Nd4 64. Bf7 Kg5 65. Bg6 Kf6 66. Be8 Ke7 67. Bg6 Kd6 68. Be8 Kc5 69.
Bf7 Nf3 70. Bg8 Ne5 71. Be6 Kb5 72. Kb3 Kc5 73. Kb2 Kd6 74. Bf5 Nc4+ 75.
Kb3 Kc5 76. Be6 Na5+ 77. Kb2 Nc6 78. Bg8 Kb5 79. Be6 Nd4 80. Bf7 Kc5 81.
Bg8 Ne2 82. Bf7 Nf4 83. Kb3 Nd3 84. Bg6 Ne5 85. Be8 Nc4 86. Bf7 Nd6 87. Be6
Nb5 88. Bf7 Nd4+ 89. Kb2 Kd6 90. Be8 Ke6 91. Bg6 Kf6 92. Be8 Ke7 93. Bg6
Ne2 94. Kb3 Nf4 95. Be4 Nxh5 96. Kxb4 Nf6 97. Bf3 Kd6 98. Kc3 Ke5 99. Kd3
Kf4 100. Ke2 Kg3 101. Ke3 Nh7 102. Bh5 Nf6 103. Bf3 1/2-1/2

[Event "2nd SCS Open"]
[Site "Bhubaneswar IND"]
[Date "2010.05.25"]
[Round "6"]
[White "Minhazuddin,A"]
[Black "Harutjunyan,G"]
[Result "0-1"]
[WhiteElo "2304"]
[BlackElo "2460"]
[EventDate "2010.05.22"]

1. e4 c6 2. d4 d5 3. exd5 cxd5 4. c4 Nf6 5. Nc3 e6 6. Nf3 Bb4 7. Bd3 dxc4
8. Bxc4 O-O 9. O-O Nbd7 10. Bg5 Nb6 11. Bb3 Be7 12. Qe2 Bd7 13. Ne5 Bc6 14.
Nxc6 bxc6 15. Rfd1 Nfd5 16. Bxe7 Nxe7 17. Rac1 Rc8 18. Qe5 Nd7 19. Qd6 Nf5
20. Qf4 Nf6 21. Bc2 Ne7 22. Ne4 Nfd5 23. Qh4 Nf5 24. Qxd8 Rfxd8 25. Nc5 Nf4
26. Bxf5 Ne2+ 27. Kf1 Nxc1 28. Nxe6 Rd5 29. Bh3 Nxa2 30. Nf4 Rb8 31. Nxd5
cxd5 32. Rd3 Rxb2 33. Ra3 g6 34. Rxa7 Nc3 35. Ra1 Rd2 36. Rc1 Ne4 37. f3
Nd6 0-1

[Event "2nd SCS Open"]
[Site "Bhubaneswar IND"]
[Date "2010.05.26"]
[Round "7"]
[White "Czebe,A"]
[Black "Turov,M"]
[Result "0-1"]
[WhiteElo "2480"]
[BlackElo "2624"]
[EventDate "2010.05.22"]

1. e4 c6 2. Nc3 d5 3. Nf3 Bg4 4. h3 Bxf3 5. Qxf3 e6 6. Be2 Nf6 7. O-O dxe4
8. Nxe4 Be7 9. d3 O-O 10. Qg3 Kh8 11. Bf4 Nd5 12. Bd2 Qc7 13. Qxc7 Nxc7 14.
c4 Nd7 15. d4 Nf6 16. Bg5 h6 17. Bxf6 gxf6 18. g4 Rad8 19. Rad1 e5 20. Ng3
Ne6 21. Nf5 Nxd4 22. Bd3 Bb4 23. Nxh6 Bd2 24. f4 Bxf4 25. Nf5 Nxf5 26. Bxf5
Bd2 27. Bc2 Kg7 28. Kf2 Rh8 29. Rh1 Rd4 30. Ke2 Rhd8 31. b3 a6 32. a4 e4
33. Rhf1 a5 34. Rg1 Kh6 35. Rgf1 Kg5 36. Rf5+ Kg6 37. Rff1 R8d6 38. h4 b6
39. Rh1 Kh6 40. Rhg1 Kg7 41. Rh1 f5 42. gxf5 Kf6 43. h5 Bh6 44. Rh4 Rxd1
45. Bxd1 Kxf5 46. Ke1 Rd2 47. Rh1 Ke5 48. Rg1 Rh2 49. Rg8 f5 50. Rg6 Be3
51. h6 Rxh6 52. Rxh6 Bxh6 53. Bh5 f4 0-1

[Event "2nd SCS Open"]
[Site "Bhubaneswar IND"]
[Date "2010.05.26"]
[Round "7"]
[White "Bocharov,D"]
[Black "Simonian,H"]
[Result "1/2-1/2"]
[WhiteElo "2592"]
[BlackElo "2521"]
[EventDate "2010.05.22"]

1. d4 Nf6 2. c4 c6 3. Bf4 d5 4. e3 Bf5 5. Nc3 e6 6. Qb3 Qc8 7. cxd5 Nxd5 8.
Bg3 Be7 9. Nf3 O-O 10. Be2 Nd7 11. O-O N7f6 12. Nd2 Rd8 13. Rfd1 Bd6 14.
Bxd6 Rxd6 15. Bf3 Bg4 16. Bxg4 Nxg4 17. e4 Nxc3 18. bxc3 c5 19. Nc4 Rd8 20.
e5 b6 21. h3 Nh6 22. Nd6 Qc6 23. d5 Qd7 24. f4 exd5 25. Qxd5 Qe6 26. g4
Qxd5 27. Rxd5 Kf8 28. Kf2 Ng8 29. Rad1 Ne7 30. R5d2 Nc6 31. Kf3 Rd7 32. Ke4
Rad8 33. f5 Re7 34. Rd5 Rxe5+ 35. Rxe5 Nxe5 36. Rd5 Nc6 37. Nb5 Ke7 38.
Rxd8 Kxd8 39. Nd6 f6 40. Nc4 Kd7 41. Ne3 Ne7 42. Ng2 g5 43. fxg6 hxg6 44.
h4 Ke6 45. Nf4+ Kd6 46. h5 f5+ 47. gxf5 gxf5+ 48. Ke3 Ng8 49. Kf3 Ke5 50.
Ng6+ Kf6 51. Kf4 Nh6 52. Ne5 Ng4 53. Nxg4+ fxg4 54. Kxg4 b5 55. Kf4 b4 56.
cxb4 cxb4 57. Ke4 a5 58. Kd4 1/2-1/2

[Event "2nd SCS Open"]
[Site "Bhubaneswar IND"]
[Date "2010.05.26"]
[Round "7"]
[White "Dzhumaev,M"]
[Black "Lafuente,P"]
[Result "0-1"]
[WhiteElo "2495"]
[BlackElo "2587"]
[EventDate "2010.05.22"]

1. e4 e6 2. d4 d5 3. e5 c5 4. c3 Qb6 5. Nf3 Bd7 6. a3 cxd4 7. cxd4 Bb5 8.
g3 Ne7 9. Nc3 Bxf1 10. Kxf1 Nd7 11. Kg2 Rc8 12. Qd3 Nc6 13. b4 Be7 14. h4
Qd8 15. Bg5 h6 16. Bxe7 Qxe7 17. Nb5 O-O 18. Nd6 Rb8 19. b5 Na5 20. Nd2 Nb6
21. Rac1 Qd7 22. a4 Nc8 23. Qc3 Nxd6 24. Qxa5 Nc4 25. Nxc4 dxc4 26. Qxa7
Qd5+ 27. Kh2 Ra8 28. Qc5 Rxa4 29. Rhd1 Rd8 30. Kg1 h5 31. Qc7 Rd7 32. Qc8+
Kh7 33. Qc5 Qf3 34. Rd2 Rd5 35. Qb6 Rd7 36. Rdc2 Qd3 37. Qc5 Rxd4 38. Qe7
Qf3 39. Kh2 Rd1 40. Rxd1 Qxd1 41. Rc3 Ra1 42. Qxb7 Qg1+ 43. Kh3 Qxf2 44.
Qe4+ g6 45. Rc2 Qf1+ 46. Kh2 Re1 47. Qc6 Qg1+ 48. Kh3 Re3 0-1

[Event "2nd SCS Open"]
[Site "Bhubaneswar IND"]
[Date "2010.05.26"]
[Round "7"]
[White "Luther,T"]
[Black "Suvrajit,S"]
[Result "1/2-1/2"]
[WhiteElo "2541"]
[BlackElo "2380"]
[EventDate "2010.05.22"]

1. e4 c5 2. Nf3 d6 3. d4 cxd4 4. Nxd4 Nf6 5. Nc3 a6 6. Bg5 e6 7. f4 Be7 8.
Qf3 Qc7 9. O-O-O Nbd7 10. g4 b5 11. Bxf6 Nxf6 12. g5 Nd7 13. f5 Bxg5+ 14.
Kb1 Ne5 15. Qh5 Qd8 16. h4 Bf6 17. fxe6 O-O 18. Bh3 fxe6 19. Bxe6+ Kh8 20.
Nd5 Bb7 21. Qe2 Nc4 22. Nxf6 Qxf6 23. Bxc4 bxc4 24. Nf5 Rab8 25. b3 cxb3
26. axb3 d5 27. Rhg1 g6 28. Ne3 dxe4 29. h5 g5 30. Qg2 h6 31. Ng4 e3 32.
Qg3 Qf4 33. Qe1 Rbc8 34. Qa5 Qc7 35. Qxc7 Rxc7 36. Nxe3 Kg7 37. Kb2 Bf3
1/2-1/2

[Event "2nd SCS Open"]
[Site "Bhubaneswar IND"]
[Date "2010.05.26"]
[Round "7"]
[White "Harutjunyan,G"]
[Black "Khusnutdinov,R"]
[Result "1-0"]
[WhiteElo "2460"]
[BlackElo "2525"]
[EventDate "2010.05.22"]

1. Nf3 Nf6 2. g3 b6 3. Bg2 Bb7 4. c4 c5 5. Nc3 e6 6. O-O Be7 7. d4 cxd4 8.
Qxd4 d6 9. b3 O-O 10. Bb2 Nbd7 11. Rad1 a6 12. e4 Qc8 13. Qe3 Qc7 14. Nd4
Rfe8 15. h3 Bf8 16. Rfe1 Rac8 17. f4 h6 18. Kh1 g6 19. Rd2 Bg7 20. Ndb5
axb5 21. Nxb5 Qb8 22. Nxd6 e5 23. fxe5 Nxe5 24. Qxb6 Rcd8 25. Nxe8 Nfd7 26.
Bxe5 Bxe5 27. Qb5 Bc3 28. Rxd7 Qxg3 29. Rxd8 Qxe1+ 30. Kh2 Qa1 31. Nf6+ Kg7
32. Ng4 Ba6 1-0

[Event "2nd SCS Open"]
[Site "Bhubaneswar IND"]
[Date "2010.05.26"]
[Round "7"]
[White "Ismagambetov,An"]
[Black "Gara,T"]
[Result "0-1"]
[WhiteElo "2524"]
[BlackElo "2357"]
[EventDate "2010.05.22"]

1. e4 c5 2. Nf3 d6 3. d4 cxd4 4. Nxd4 Nf6 5. Nc3 e6 6. Bg5 Be7 7. Qe2 Qa5
8. h4 Nc6 9. Nb3 Qc7 10. O-O-O a6 11. g4 b5 12. a3 b4 13. axb4 Nxb4 14. Bg2
Rb8 15. Be3 a5 16. g5 Ba6 17. Qd2 Nd7 18. f4 O-O 19. Bf1 Bxf1 20. Rhxf1
Rfc8 21. Rf2 Qb7 22. Qd4 a4 23. Na5 Qc7 24. Qa7 a3 25. Qxc7 Rxc7 26. Nb3
axb2+ 27. Kxb2 Rbc8 28. Bd4 e5 29. fxe5 dxe5 30. Be3 Rxc3 31. Rxd7 Rxc2+
32. Rxc2 Rxc2+ 33. Kb1 Kf8 34. Bd2 Rc4 35. Rb7 g6 36. Rb8+ Kg7 37. Re8 Nc6
38. Rc8 Na5 39. Rxc4 Nxc4 40. Bc1 f5 41. gxf6+ Bxf6 42. h5 g5 43. Kc2 Kh6
44. Kd3 Nd6 45. Nc5 Kxh5 46. Nd7 Bg7 47. Ba3 Nf7 48. Kc4 g4 49. Kd5 g3 50.
Ke6 g2 51. Bc5 Ng5+ 52. Kf5 Nf3 0-1

[Event "2nd SCS Open"]
[Site "Bhubaneswar IND"]
[Date "2010.05.26"]
[Round "7"]
[White "Vaibhav,S"]
[Black "Adhiban,B"]
[Result "0-1"]
[WhiteElo "2347"]
[BlackElo "2510"]
[EventDate "2010.05.22"]

1. e4 e5 2. Nf3 Nc6 3. Bb5 a6 4. Ba4 Nf6 5. O-O Be7 6. Re1 b5 7. Bb3 d6 8.
c3 O-O 9. h3 Nb8 10. d4 Nbd7 11. Nbd2 Bb7 12. Bc2 Re8 13. a4 Bf8 14. Bd3 c6
15. b4 Qc7 16. dxe5 dxe5 17. Nb3 Nb6 18. a5 Na4 19. Qc2 Nd7 20. Ra2 Rac8
21. Be3 c5 22. c4 cxb4 23. cxb5 Qxc2 24. Rxc2 Rxc2 25. Bxc2 axb5 26. Bd3
Nc3 27. Nfd2 Rc8 28. f3 f6 29. Kf2 Kf7 30. Rc1 Ba6 31. Ke1 Ke6 32. Nb1 Nc5
33. Bxc5 Bxc5 34. Nxc3 bxc3 35. Nxc5+ Rxc5 36. Kd1 Rc6 37. Kc2 b4 38. Bxa6
Rxa6 39. Ra1 Kd6 40. Kb3 Kc5 41. Ra4 c2 42. Kxc2 Kc4 43. Kb2 h6 44. h4 h5
45. Kc2 Rc6 46. Kb2 Kb5 47. Ra1 Rd6 48. Kc2 Kc4 49. Ra4 Kb5 50. Ra1 Ra6 51.
Rd1 Rxa5 52. Rd5+ Kb6 53. Rd7 Ra2+ 54. Kb3 Rxg2 55. Kxb4 Kc6 56. Rf7 Rg3
57. Kc4 Rxf3 58. Rxg7 Re3 0-1

[Event "2nd SCS Open"]
[Site "Bhubaneswar IND"]
[Date "2010.05.26"]
[Round "7"]
[White "Vorobiov,E"]
[Black "Girinath,P"]
[Result "1-0"]
[WhiteElo "2612"]
[BlackElo "2389"]
[EventDate "2010.05.22"]

1. e4 e6 2. d4 d5 3. Nc3 dxe4 4. Nxe4 Bd7 5. Nf3 Bc6 6. Bd3 Nd7 7. O-O Ngf6
8. Neg5 Bd6 9. Re1 h6 10. Nh3 Bxf3 11. Qxf3 c6 12. Nf4 Qc7 13. Nh5 O-O-O
14. Nxf6 Nxf6 15. g3 Qa5 16. c3 Qh5 17. Qxh5 Nxh5 18. Be3 Nf6 19. Rad1 Rd7
20. Kg2 Rhd8 21. Be2 a5 22. h4 Kb8 23. h5 Bc7 24. Bc1 a4 25. a3 Nd5 26. f4
b5 27. Kf3 Nb6 28. Bd3 Nc4 29. Be4 Kb7 30. Bc2 Kb6 31. g4 c5 32. dxc5+ Kxc5
33. Rxd7 Rxd7 34. g5 Rd5 35. Rd1 Rxd1 36. Bxd1 Nd6 37. Bc2 Kc6 38. gxh6
gxh6 39. f5 exf5 40. Bxh6 Ne8 41. Bf4 Bd8 42. h6 Bf6 43. Bxf5 Nd6 44. Bd3
Nc8 45. Be4+ Kc5 46. Be3+ Kd6 47. Bd4 Ke7 48. h7 1-0